Central Library OPAC University of Rajshahi

মৃত্যুঞ্জয়ী মুজিব / (Record no. 78806)

MARC details
000 -LEADER
fixed length control field 01166nam a2200277 a 4500
001 - CONTROL NUMBER
control field 78806
003 - CONTROL NUMBER IDENTIFIER
rucl marc code BD-RjUL
005 - DATE AND TIME OF LATEST TRANSACTION
control field 20211209083157.0
008 - FIXED-LENGTH DATA ELEMENTS--GENERAL INFORMATION
fixed length control field 211116s20171995bg ||||| |||| 00| 0 ben d
020 ## - INTERNATIONAL STANDARD BOOK NUMBER
International Standard Book Number 9789840420087
Terms of availability : Tk. 250.00
035 ## - SYSTEM CONTROL NUMBER
System control number (BD-RjUL)79033
040 ## - CATALOGING SOURCE
Original cataloging agency BD-RjUL
Language of cataloging eng
Transcribing agency BD-RjUL
041 ## - LANGUAGE CODE
Language code of text/sound track or separate title ben
082 ## - DEWEY DECIMAL CLASSIFICATION NUMBER
Edition number 23
Classification number 954.9205092
Author mark and year MRI 2017
245 00 - TITLE STATEMENT
Title মৃত্যুঞ্জয়ী মুজিব /
Statement of responsibility, etc. সম্পাদনায় এস. এ. মালেক ... [et al]
260 ## - PUBLICATION, DISTRIBUTION, ETC. (IMPRINT)
Place of publication, distribution, etc. ঢাকা :
Name of publisher, distributor, etc. বঙ্গবন্ধু পরিষদ,
Date of publication, distribution, etc. ১৯৯৫ [মুদ্রণ ২০১৭]
300 ## - PHYSICAL DESCRIPTION
Pagination ১৪৩ পৃ.;
Size ২২ সেমি.
600 ## - SUBJECT ADDED ENTRY--PERSONAL NAME
Personal name মুজিবুর রহমান ,
Titles and other words associated with a name শেখ,
Dates associated with a name ১৯২০-১৯৭৫
Personal name Mujibur Rahman,
Titles and other words associated with a name Sheikh,
Dates associated with a name 1920-1975
700 ## - ADDED ENTRY--PERSONAL NAME
Personal name মালেক, এস. এ
Personal name আহমদ, সৈয়দ
Personal name সাইয়িদ, আবু
Personal name হারুন-অর-রশিদ
Personal name সরকার, মোনায়েম
942 ## - ADDED ENTRY ELEMENTS (KOHA)
Source of classification or shelving scheme Dewey Decimal Classification
Koha item type Books
Holdings
Lost status Source of classification or shelving scheme Damaged status Not for loan Collection code Permanent Location Current Location Shelving location Date acquired Source of acquisition Cost, normal purchase price Total Checkouts Full call number Date last seen Copy number Koha item type
  Dewey Decimal Classification     Non-fiction Central Library, University of Rajshahi Central Library, University of Rajshahi   11/11/2021 Rajshahi Bidasagar 187.50   B 954.9205092 MRI 2017 16/11/2021 C-2 Books
  Dewey Decimal Classification   Not For Loan Non-fiction Central Library, University of Rajshahi Central Library, University of Rajshahi Bangabandhu Corner Section 11/11/2021 Rajshahi Bidasagar 187.50   B 954.9205092 MRI 2017 16/11/2021 C-1 Books